| 000 | 01160nas a2200337 4500 | ||
|---|---|---|---|
| 001 | BR2013009430 | ||
| 003 | BR-BrBNA | ||
| 005 | 20231205123318.0 | ||
| 007 | ta | ||
| 008 | 230509b bl.|||p| |||| 00| 00por d | ||
| 040 |
_aBR-BrBNA _bpor _cBiblioteca Nacional de Agricultura |
||
| 041 | _a(Pt) | ||
| 072 | _aK10 | ||
| 100 | 1 | _aCruz, J.P. da | |
| 100 | 1 | _aLeite, H.G. | |
| 100 | 1 | _aSoares, C.P.B. | |
| 100 | 1 | _aCampos, J.C.C. | |
| 100 | 1 | _aSmit, L. | |
| 100 | 1 | _aNogueira, G.S. | |
| 100 | 1 | _aOliveira, M.L.R. de | |
| 245 | 1 | _aModelos de crescimento e produção para plantios comerciais jovens de Tectona grandis em Tangará da Serra, Mato Grosso | |
| 246 | 1 | _aGrowth and yield models for young stands of Tectona grandis in Tangará da Serra, Mato Grosso, Brazil | |
| 650 | _aTECTONA GRANDIS | ||
| 650 | _aTECA | ||
| 650 | _aCRESCIMENTO | ||
| 650 | _aPRODUÇÃO FLORESTAL | ||
| 773 | 0 |
_tRevista Árvore (Brazil) _xISSN 0100-6762 _g(Sep-Oct 2008), v. 32(5) p. 821-828 _wBR2013009430 |
|
| 856 | 4 |
_uhttp://www.scielo.br/pdf/rarv/v32n5/06.pdf _yRecurso eletrônico (PDF) |
|
| 909 |
_a202311 _bLúcia _c55 _dLúcia Elande |
||
| 942 |
_2AGRIS _n0 _cANA |
||
| 999 |
_c233254 _d233254 |
||